<?xml version="1.0" encoding="UTF-8"?>
<record
    xmlns:xsi="http://www.w3.org/2001/XMLSchema-instance"
    xsi:schemaLocation="http://www.loc.gov/MARC21/slim http://www.loc.gov/standards/marcxml/schema/MARC21slim.xsd"
    xmlns="http://www.loc.gov/MARC21/slim">

  <leader>00507nam a22001577a 4500</leader>
  <controlfield tag="003">OSt</controlfield>
  <controlfield tag="005">20150918163428.0</controlfield>
  <controlfield tag="008">150918b        xxu||||| |||| 00| 0 eng d</controlfield>
  <datafield tag="040" ind1=" " ind2=" ">
    <subfield code="c">RUA</subfield>
  </datafield>
  <datafield tag="082" ind1=" " ind2=" ">
    <subfield code="a">AGR KHO 2006 BO33 Or.1</subfield>
  </datafield>
  <datafield tag="100" ind1=" " ind2=" ">
    <subfield code="9">795</subfield>
    <subfield code="a">KHOEURN, SOKHON</subfield>
  </datafield>
  <datafield tag="245" ind1=" " ind2=" ">
    <subfield code="a">Potential of banana in kampong cham province,(&#x179F;&#x1780;&#x17D2;&#x178F;&#x17B6;&#x1793;&#x17BB;&#x1796;&#x179B;&#x178A;&#x17C6;&#x178E;&#x17B6;&#x17C6;&#x1785;&#x17C1;&#x1780;&#x1793;&#x17B8;&#x1781;&#x17C1;&#x178F;&#x17D2;&#x178F;&#x1780;&#x17C6;&#x1796;&#x17A0;&#x17CB;&#x1785;&#x17B6;&#x1798;).</subfield>
  </datafield>
  <datafield tag="260" ind1=" " ind2=" ">
    <subfield code="a">phnom phen</subfield>
    <subfield code="b">RUA</subfield>
    <subfield code="c">2006</subfield>
  </datafield>
  <datafield tag="300" ind1=" " ind2=" ">
    <subfield code="a">IX, 43p.</subfield>
    <subfield code="b">ill.</subfield>
    <subfield code="c">29cm.</subfield>
  </datafield>
  <datafield tag="942" ind1=" " ind2=" ">
    <subfield code="2">ddc</subfield>
    <subfield code="c">AGR</subfield>
  </datafield>
  <datafield tag="999" ind1=" " ind2=" ">
    <subfield code="c">763</subfield>
    <subfield code="d">763</subfield>
  </datafield>
  <datafield tag="952" ind1=" " ind2=" ">
    <subfield code="0">0</subfield>
    <subfield code="1">0</subfield>
    <subfield code="2">ddc</subfield>
    <subfield code="4">0</subfield>
    <subfield code="6">AGR_KHO_2006_000000000000000_BO33_OR_1</subfield>
    <subfield code="7">0</subfield>
    <subfield code="9">3100</subfield>
    <subfield code="a">LBB</subfield>
    <subfield code="b">LBB</subfield>
    <subfield code="c">B033</subfield>
    <subfield code="d">2015-09-18</subfield>
    <subfield code="l">4</subfield>
    <subfield code="o">AGR KHO 2006 BO33 Or.1</subfield>
    <subfield code="p">RUA002850</subfield>
    <subfield code="r">2022-05-11</subfield>
    <subfield code="s">2022-03-07</subfield>
    <subfield code="w">2015-09-18</subfield>
    <subfield code="y">AGR</subfield>
  </datafield>
  <datafield tag="952" ind1=" " ind2=" ">
    <subfield code="0">0</subfield>
    <subfield code="1">0</subfield>
    <subfield code="2">ddc</subfield>
    <subfield code="4">0</subfield>
    <subfield code="6">AGR_KHO_2006_000000000000000_BO33_OR_1</subfield>
    <subfield code="7">0</subfield>
    <subfield code="9">82679</subfield>
    <subfield code="a">LBB</subfield>
    <subfield code="b">LBB</subfield>
    <subfield code="c">B033</subfield>
    <subfield code="d">2019-12-13</subfield>
    <subfield code="l">2</subfield>
    <subfield code="o">AGR KHO 2006 BO33 Or.1</subfield>
    <subfield code="p">RUA002539</subfield>
    <subfield code="r">2022-01-03</subfield>
    <subfield code="s">2021-12-15</subfield>
    <subfield code="w">2019-12-13</subfield>
    <subfield code="y">AGR</subfield>
  </datafield>
</record>
